Normal view MARC view
  • Bajpai, Ravi Dutt

Entry Personal Name

Number of records used in: 1

001 - CONTROL NUMBER

  • control field: 16362

003 - CONTROL NUMBER IDENTIFIER

  • control field: OSt

005 - DATE AND TIME OF LATEST TRANSACTION

  • control field: 20260617125603.0

008 - FIXED-LENGTH DATA ELEMENTS

  • fixed length control field: 260617|| aca||aabn | a|a d

040 ## - CATALOGING SOURCE

  • Original cataloging agency: OSt
  • Transcribing agency: OSt

100 ## - HEADING--PERSONAL NAME

  • Personal name: Bajpai, Ravi Dutt

670 ## - SOURCE DATA FOUND

  • Source citation: Work cat.: (OSt)760714: Bajpai, Ravi Dutt, author., Civilization-states of China and India :, , 2024